multiple choice geography quiz #1 - Statistics

General Stats
  • This quiz has been taken 35 times
  • The average score is 5 of 10
Answer Stats
Question Answer % Correct
Which country doesn't border Chad? Egypt
67%
which country doesn't border The Netherlands? Luxembourg
67%
Which of the following countries is landlocked? Niger
67%
Which of the following countries is an island nation? Sao Tomé and Principe
67%
Which country doesn't border Slovakia? Serbia
67%
Which country doesn't have the colour black on the national flag? Grenada
33%
Which country doesn't lie in Africa? Kiribati
33%
Which country has the colour green on their national flag? Namibia
33%
Which country has a capital city with more than 8 letters in the name? Sweden
33%
Which country lies FULLY in the northern hemisphere? Singapore
0%
No matching quizzes found
Score Distribution
Percent of People with Each Score
Percentile by Number Answered
Your Score History
You have not taken this quiz